=LDR 00000nam 2200000 4500 =001 INLIS000000000007967 =005 20130612095904 =008 ***********************************Ind** =035 ##$$0010-061300000007967 =041 ##$$a Ind =082 ##$$a 001.57 =090 ##$$a 001.57, Hun s =100 ##$$a Hunsaker, Philip L; =245 ##$$a Seni komunikasi bagi para peminjam, Philip L. Hunsaker ; terjemahan, AM Mangunhadrjana =260 ##$$a 1986 $b Yogyakarta =300 ##$$a 84 hlm, ilus, 21 cm =650 ##$$a Komunikasi